000 00864 a2200253 4500
005 20251121144300.0
008 251121b |||||||| |||| 00| 0 eng d
020 _a9789354427626 (pbk)
037 _cTB
040 _aCRL
_cCRL
041 _2eng
_aeng
_hOri
084 _aO1591,3N62,BU 111R5
_qCRL
100 _aSunani, Basudev
_9848713
245 _aBiurnt:
_bbeyond return
260 _aNew Delhi, India:
_bOrient Blackswan Private Limited,
_c2025.
300 _axxvi, 261p.
365 _b835.00
_cINR
546 _aTranslated from Oriya to English
650 _aOriya Literature
_9852836
650 _aOriya Fiction
_9852837
650 _aCaste
_9852838
942 _cTB
_2CC
_n0
_hO1591,3N62,BU 111R5
999 _c1464831
_d1464831